Determination of gaseous elements in metals (Record no. 25659)

MARC details
000 -LEADER
fixed length control field 00290nam a2200109Ia 4500
082 ## - DEWEY DECIMAL CLASSIFICATION NUMBER
Classification number 546.3
Item number MEL
245 #0 - TITLE STATEMENT
Title Determination of gaseous elements in metals
260 ## - PUBLICATION, DISTRIBUTION, ETC. (IMPRINT)
Place of publication New York
Name of publisher John Wiley
Year of publication 1974
700 ## - ADDED ENTRY--PERSONAL NAME
Personal name Melnick, Laben M
942 ## - ADDED ENTRY ELEMENTS (KOHA)
Koha item type Books
Holdings
Withdrawn status Lost status Damaged status Not for loan Home library Current library Date acquired Cost, normal purchase price Full call number Accession Number Koha item type
        RRII Library RRII Library 16/12/2021 39.25 546.3 MEL 06311 Books